| 000 | 00461nam a2200181Ia 4500 | ||
|---|---|---|---|
| 008 | 230524s9999 xx 000 0 und d | ||
| 020 | _a8175152575 | ||
| 082 |
_a4.6 _bHOR |
||
| 100 | _aEllis Horowitz | ||
| 245 | 0 | _aFundamentals of Computer Algorithms | |
| 250 | _a1ST | ||
| 260 |
_aNEW DELHI _bGalgotia _c2002 |
||
| 300 | _aXXII;769 | ||
| 500 | _aQuantity Number: 57 | ||
| 650 | _aComp-Sc | ||
| 700 | _a" Sartaj Sahni , S.Rajasekaran,,," | ||
| 942 | _cBK | ||
| 999 |
_c12965 _d12965 |
||